कैसा यह शहर सुदर्शन नारंग की सम्पूर्ण कहानियॉ (Record no. 60415)
[ view plain ]
| 000 -LEADER | |
|---|---|
| fixed length control field | 00565nam a22001577a 4500 |
| 003 - CONTROL NUMBER IDENTIFIER | |
| control field | macl |
| 005 - DATE AND TIME OF LATEST TRANSACTION | |
| control field | 20190704115525.0 |
| 008 - FIXED-LENGTH DATA ELEMENTS--GENERAL INFORMATION | |
| fixed length control field | 190704b xxu||||| |||| 00| 0 eng d |
| 040 ## - CATALOGING SOURCE | |
| Transcribing agency | macl |
| 082 ## - DEWEY DECIMAL CLASSIFICATION NUMBER | |
| Classification number | 891.433/NAR/S |
| 100 ## - MAIN ENTRY--PERSONAL NAME | |
| Personal name | नारगं ,सुदर्शन |
| 9 (RLIN) | 75773 |
| 245 ## - TITLE STATEMENT | |
| Title | कैसा यह शहर सुदर्शन नारंग की सम्पूर्ण कहानियॉ |
| 260 ## - PUBLICATION, DISTRIBUTION, ETC. (IMPRINT) | |
| Place of publication, distribution, etc. | हापुड |
| Name of publisher, distributor, etc. | संभावना प्रकाशन |
| Date of publication, distribution, etc. | 2018 |
| 651 ## - SUBJECT ADDED ENTRY--GEOGRAPHIC NAME | |
| Geographic name | कहानियॉ |
| 9 (RLIN) | 68568 |
| 942 ## - ADDED ENTRY ELEMENTS (KOHA) | |
| Source of classification or shelving scheme | |
| Koha item type | Hindi Books |
| Withdrawn status | Lost status | Source of classification or shelving scheme | Damaged status | Not for loan | Home library | Current library | Date acquired | Cost, normal purchase price | Total Checkouts | Total Renewals | Full call number | Barcode | Date last seen | Date last checked out | Price effective from | Koha item type |
|---|---|---|---|---|---|---|---|---|---|---|---|---|---|---|---|---|
| MACL | MACL | 04/07/2019 | 750.00 | 4 | 1 | 891.433/NAR/S | CRH036427 | 20/12/2025 | 27/11/2025 | 04/07/2019 | Hindi Books |









